Statystyki dla Stolice Europy (#2) bez spółgłosek

Kliknij tutaj aby rozwiązać quiz!

Ogólne statystyki

  • Ten quiz został rozwiązany 44 razy
  • Średni wynik to 12 z 17

Statystyki odpowiedzi

LiteryStolica% Poprawnych
O__oOslo
92%
A_e_yAteny
84%
A___e_a_Amsterdam
78%
__y_Rzym
78%
__u__e_aBruksela
76%
_i__y_ió_Kiszyniów
76%
_i__o_aLizbona
76%
_y_aRyga
76%
_a_y_Paryż
73%
_ie_e_Wiedeń
73%
_i__oWilno
73%
__a_y__a_aBratysława
65%
_a_a_e_oSarajewo
62%
_e__oBerno
54%
__i___i_aPrisztina
51%
A__a_aAnkara
49%
_a_u_Vaduz
49%

Rozkład punktacji

Percentyl według liczby udzielonych odpowiedzi

Procent ludzi z każdym wynikiem

Twoja historia wyników

Nie rozwiązałeś tego quizu